• 首页
  • 本馆介绍
  • 公告通知
  • 最新文献
  • 馆藏检索
  • 电子资源
  • 读者导购
  • 参考咨询
  • 我的图书馆
  • 登录
  • 详细信息显示
  • 放入我的书架
  • 预约/预借图书
  • 作者相关作品
  • 分类相关作品
  • 丛书相关作品
  • 出版社相关作品

书目信息

  • 表格格式
  • 工作单格式
  • 卡片格式
题名:
清洁生产及应用
    
 
作者: 申左元 , 张俊安 , 雷兆武 主编
分册:  
出版信息: 北京   化学工业出版社  2013.3
页数: 233页
开本: 26cm
丛书名:
单 册:
中图分类: X383
科图分类:
主题词: 无污染工艺--教材
电子资源:
ISBN: 978-7-122-16341-7
000 01336nam0 2200289 45
001 1359703702
005 20130529090539.95
010    @a978-7-122-16341-7@dCNY29.00
100    @a20130513d2013 em y0chiy0121 ea
101 0  @achi
102    @aCN@b110000
105    @aak a 000yy
106    @ar
200 1  @a清洁生产及应用@AQing Jie Sheng Chan Ji Ying Yong@f雷兆武, 张俊安, 申左元主编@FLei Zhao Wu , Zhang Jun An , Shen Zuo Yuan Zhu Bian
205    @a2版
210    @a北京@c化学工业出版社@d2013.3
215    @a233页@c图@d26cm
300    @a高职高专规划教材
320    @a有书目
330    @a本书依据国内清洁生产发展要求、最新清洁生产理论研究和实践成果, 并结合编者多年的清洁生产教学, 在工业企业清洁生产审核等方面实践经验的基础上, 以清洁生产的应用性为主旨, 以清洁生产和清洁生产审核为核心内容编写而成。第一章介绍了清洁生产的产生和发展、概念与内涵、清洁生产理论基础、清洁生产要求与主要实施途径、资源和清洁能源等内容; 第二章介绍了清洁生产审核内涵, 及清洁生产审核过程; 第三章以汽车和啤酒行业清洁生产审核为例, 对审核过程进行介绍; 第四章重点介绍了ISO14001标准要求及管理体系审核。
606 0  @a无污染工艺@j教材
690    @aX383@v5
701  0 @a申左元@AShen Zuo Yuan@4主编
701  0 @a张俊安@AZhang Jun An@4主编
701  0 @a雷兆武@ALei Zhao Wu@4主编
801    @aCN@bTANGWEI@c20130522
905    @b0833374-77@dX383@e173=2@f4
    
    清洁生产及应用/雷兆武, 张俊安, 申左元主编.-2版.-北京:化学工业出版社,2013.3
    233页:图;26cm
    高职高专规划教材
    
    ISBN 978-7-122-16341-7:CNY29.00
    本书依据国内清洁生产发展要求、最新清洁生产理论研究和实践成果, 并结合编者多年的清洁生产教学, 在工业企业清洁生产审核等方面实践经验的基础上, 以清洁生产的应用性为主旨, 以清洁生产和清洁生产审核为核心内容编写而成。第一章介绍了清洁生产的产生和发展、概念与内涵、清洁生产理论基础、清洁生产要求与主要实施途径、资源和清洁能源等内容; 第二章介绍了清洁生产审核内涵, 及清洁生产审核过程; 第三章以汽车和啤酒行业清洁生产审核为例, 对审核过程进行介绍; 第四章重点介绍了ISO14001标准要求及管理体系审核。
●
相关链接 在E读中查询图书 在五车中查询图书 在当当中查询图书 在豆瓣中查询图书


正题名:清洁生产及应用     索取号:X383/173=2         预约/预借

序号 登录号 条形码 馆藏地/架位号 状态 备注
1 0833374   208333748   第二样本阅览室/ [索取号:X383/173=2] 在馆    
2 0833375   208333757   第三借阅区/ [索取号:X383/173=2] 在馆    
3 0833376   208333766   第三借阅区/ [索取号:X383/173=2] 在馆    
4 0833377   208333775   第三借阅区/ [索取号:X383/173=2] 在馆    
唐山师范学院图书馆 欢迎您!
大连网信软件有限公司© 版权所有